Missing Word: Ubisoft Games Quiz Stats

 Plays Quiz Updated May 27, 2018

Challenge
Share
Tweet
Embed
Score 0/16 Timer 04:00
0 Plays Today
Title Missing Word % Correct
_____ CreedAssassin's
92.7%
Far _____ 2Cry
80.6%
Prince of _____Persia
72.7%
_____ May Cry 3Devil
69.3%
Tom Clancy's Ghost _____Recon
55.2%
South Park: The _____ of TruthStick
54%
_____ in Arms: Hell's HighwayBrothers
50.8%
Grow _____Home
36.8%
Title Missing Word % Correct
_____ Good & EvilBeyond
36.6%
Just _____Dance
28.2%
_____ HonorFor
24.7%
Child of _____Light
23.3%
Call of _____Juarez
19.4%
_____ OriginsRayman
15.4%
Silent _____ 4: Wolves of the PacificHunter
13.2%
_____ 1404Anno
12.2%

Today's Daily Dose

You're not logged in!

Compare scores with friends on all Sporcle quizzes.
Join for Free
OR
Log In

You Might Also Like...

Show Comments

Extras

Top Quizzes Today


Score Distribution

Your Account Isn't Verified!

In order to create a playlist on Sporcle, you need to verify the email address you used during registration. Go to your Sporcle Settings to finish the process.

Report this User

Report this user for behavior that violates our Community Guidelines.

Details: